Verrücktes Europa - Statistiken

Allgemein
  • Dieses Quiz wurde 80 mal gespielt
  • Das Durchschnittsergebnis liegt bei 19 aus 46
Antworten auf der Karte
Die Antworten werden auf der Karte rot bzw. grün angezeigt, abhängig davon wie oft sie richtig erraten wurden.
 
Antwortstatistiken
Antwort % Korrekt
Hier wurde die Pommes frites erfunden
77%
Hier wurde die Spielzeugmarke "Lego®" erfunden.
74%
Hier ist die Amtssprache Latein
70%
In diesem Land findet das berühmte Tomatenwerfen statt, bei dem jährlich Tausende Teilnehmer über 100 Tonnen Tomaten aufeinander werfen
70%
Aus diesem Land stammt das unzerstörbare "Nokia®"-Handy
69%
Dieses Land ist erst 2008 unabhängig geworden und somit das jüngste Land Europas
64%
Dieses Land ist nach einem Fluss benannt.
64%
Dieses Land ist das Land mit der niedrigsten Durchschnittshöhe (Höhenmeter) in Europa.
62%
Einziges europäisches Land, das die Todesstrafe noch offiziell anwendet.
62%
In diesem Land dürfen Menschen nicht mit Ritterrüstungen ins Parlament gehen
61%
Die Flagge dieses Landes zeigt eine Sonne mit Strahlen.
59%
Deutsche "Wiener Würstchen" heißen hier "Frankfurter"
57%
Dieses Land hat den höchsten Bierkonsum pro Kopf
56%
Dieses Land hat die meisten aktiven Vulkane Europas
56%
Dieses Land ist das erste der Welt, das flächendeckend digitales Wählen (E-Voting) eingeführt hat.“
56%
Hier gibt es eine Insel namens Île aux Moines („Insel der Mönche“), auf der Hauskatzen offiziell als „Wächter der Insel“ gelten.
56%
Die Währung dieses Landes heißt Forint
52%
Dieses Land hat die höchste Walfangquote weltweit.
51%
In der Hauptstadt dieses Landes wurde 1914 das Attentat auf Erzherzog Franz Ferdinand verübt, das den Auslöser für den Ersten Weltkrieg darstellte
51%
Dieses Land hat das älteste Goldartefakt der Welt gefunden – die Goldschätze von Varna, die über 6.000 Jahre alt sind.
48%
Hier wurde Minecraft erfunden
48%
Dieses Land hat die kürzeste (existente) Küstenlinie der Welt
44%
In diesem Land gibt es keine einheimischen Schlangen.
44%
Dieses Land besitzt die älteste Universität Europas
41%
Sowohl die Titelmusik als auch das beliebte Videospiel "Tetris®" stammen aus diesem Land
39%
Dieses Land ist der weltweit größte Produzent von Sonnenblumenöl
38%
Der Hit "Stereo Love" aus dem Jahr 2009 stammt von Edward Maya und somit aus diesem Land.
36%
Aus diesem Land stammt ein Ballon-d’Or-Sieger, der älter ist als das Land selbst.
34%
Hier wurde ein Gerät entdeckt, das aus dem 1. Jahrhundert v. Chr. stammt und die Bewegungen von Sonne, Mond und Planeten berechnen konnte – der älteste bekannte mechanische „Computer“ der Welt.
34%
Der Name dieses Landes bedeutet übersetzt "heller Stein"
26%
Dieses Land hat zwei offizielle Staatsoberhäupter, die es nie wählt.
26%
In diesem Land dürfen Meerschweinchen nicht einzeln gehalten werden, weil sie als „soziale Tiere“ gelten. Wer eins alleine hält, verstößt gegen das Tierschutzgesetz.
25%
Die älteste bestehende Republik der Welt.
23%
Dieses Land erklärte sich 1967 zum ersten atheistischen Staat der Welt und verbot jegliche Religionsausübung.
23%
In diesem Land ist der öffentliche Nahverkehr landesweit komplett kostenlos.
23%
Dieses Land war das letzte europäische Land, das die Sonne als Gottheit in seinem offiziellen Glauben abgeschafft hat.
21%
In diesem Land wurde das Dynamit erfunden
20%
Dieses Land hat Europas älteste noch bestehende Buchhandlung
16%
Dieses Land hat die im Durchschnitt größten Frauen der Welt
15%
Dieses Land hat Europas längste begehbare Höhle
15%
Dieses Land hat Europas längste zusammenhängende Sanddünenküste
13%
Hier gibt es mehr Burgen und Schlösser pro Einwohner als irgendwo sonst in Europa.
13%
Konstantin der Große wurde hier geboren
13%
Dieses Land hat eine geteilte Hauptstadt
11%
Dieses Land besitzt den südlichsten Fjord der Welt
5%
In diesem Land gibt es eine verlassene Stadt aus Hunderten identischen Schloss-Häusern, die nie bewohnt wurden.
2%
Keine übereinstimmenden Quizze gefunden
Verteilung der Resultate
Anzahl Personen mit jedem Resultat
Perzentil nach korrekt beantworteten Fragen
Ihre Resultats-Entwicklung
Sie haben dieses Quiz noch nicht gespielt